000 00769nam a2200265Ia 4500
003 OSt
005 20221005043845.0
006 a|||||r|||| 00| 0
007 ta
008 221004b |||||||| |||| 00| 0 eng d
020 _a9781403940933 (pbk)
_c1633.18
024 _a89543
037 _b2997, 12/03/2008, Bharat Scientific Syndicate
_cTextual
040 _aCRL
_cCRL
_beng
041 _2eng
_aeng
082 _aY:434, P6
100 _aAlcock Pete
_9285424
245 0 _aUnderstonding poverty
250 _a3rd
260 _aHampshire
_bPalgrave Macmillan
_c2006
300 _axv,304p.
_ccm.
650 _aSOCIOLOGY
942 _hY:434, P6
_cTEXL
_2cc
999 _c952513
_d952513